000
00317nam a2200109Ia 4500
008
171204s9999 xx 000 0 und d
245
_a
Contemporary Advertising Loose Leaf:
245
_c
William Arens
260
_c
2016
650
_x
ADVERTISING PRINCIPLES
856
_u
http://down.ebook777.com/033/978-1259548154.pdf
999
_c
346027
_d
346027